[Event "IX GM"]
[Site "Banja Luka BIH"]
[Date "2008.09.07"]
[Round "8"]
[White "Drasko,M"]
[Black "Korchnoi,V"]
[Result "1-0"]
[WhiteElo "2508"]
[BlackElo "2602"]

1.Nf3 d5 2.g3 c5 3.Bg2 Nc6 4.O-O e5 5.c4 d4 6.e3 e4 7.Ne1 Nf6 8.d3 exd3 9.Nxd3 Bg4
10.Qa4 Bd7 11.exd4 cxd4 12.Re1+ Be7 13.b4 a6 14.Nc5 O-O 15.Nxd7 Nxd7 16.Ba3 a5
17.b5 Nb4 18.Nd2 d3 19.Qd1 Bf6 20.Rb1 Nxa2 21.Ne4 Nc3 22.Nxc3 Bxc3 23.Re3 Ne5
24.Bxf8 Qxf8 25.Bxb7 Rd8 26.Bd5 Bd4 27.Rxe5 Bxe5 28.Qxd3 a4 29.c5 a3 30.Qc4 g6
31.Re1 a2 32.Qxa2 Bd4 33.c6 Qc5 34.Bxf7+ Kg7 35.Be8 Rd5 36.Kg2 Rf5 37.f4 Qxb5
38.Bd7 Rf7 39.Qe2 Qc5 40.Qd3 Bf6 41.Re2 Qa5 42.Qc4 Qc7 43.Be8 Re7 44.Rxe7+ Bxe7
45.Qf7+ Kh8 46.Bd7 Qd8 47.h4  1-0

[Event "SuperLiga-ROM"]
[Site "Eforie Nord ROM"]
[Date "2008.09.07"]
[Round "7"]
[White "Taras,D"]
[Black "Chirila,I"]
[Result "1/2-1/2"]
[WhiteElo "2256"]
[BlackElo "2425"]

1.Nf3 d5 2.g3 Bg4 3.Bg2 Nd7 4.d4 e6 5.O-O Ngf6 6.Nbd2 Be7 7.Re1 O-O 8.e4 dxe4
9.Nxe4 Nxe4 10.Rxe4 Nf6 11.Re1 c6 12.c3 Qc7 13.Bf4 Bd6 14.Bxd6 Qxd6 15.Qb3 Bxf3
16.Bxf3 Qc7 17.Rad1 Rfd8 18.Qc4 a5 19.Qc5 a4 20.b4 Nd5 21.Bxd5 Rxd5 22.Qc4  1/2-1/2

[Event "Open"]
[Site "Herzliya ISR"]
[Date "2008.09.07"]
[Round "5"]
[White "Klenburg,M"]
[Black "Gershkowich,D"]
[Result "1/2-1/2"]
[WhiteElo "2445"]
[BlackElo "2342"]

1.Nf3 d5 2.g3 Nf6 3.Bg2 Bf5 4.O-O c6 5.d3 e6 6.c4 Be7 7.Be3 Nbd7 8.Qb3 Qc7
9.Rc1 O-O 10.Nc3 Nc5 11.Bxc5 Bxc5 12.cxd5 exd5 13.Nxd5 cxd5 14.d4 b6 15.dxc5 bxc5
16.Qa3 Rac8 17.Nd4 Be4 18.Nb3 c4 19.Nd4 Qb6 20.e3 Rb8 21.b3 Bxg2 22.Kxg2 Rfc8
23.Rab1 c3 24.b4 Ne4 25.Rb3 h5 26.b5 Qf6 27.f3 Nd2 28.Rbxc3 Nc4 29.Qxa7 Ra8
30.Qb7 Rxa2+ 31.Kg1 Rd8 32.Qc6 Qe5 33.Qc5 h4 34.Nc6 Qf6 35.Qe7 Qxe7 36.Nxe7+ Kf8
37.Nc6 Rda8 38.Nb4 Rb2 39.Nxd5 Raa2 40.Rxc4 Rg2+  1/2-1/2

[Event "5th LGA Premium Cup"]
[Site "Nuernberg GER"]
[Date "2008.09.07"]
[Round "6"]
[White "Espig,L"]
[Black "Heinl,T"]
[Result "1/2-1/2"]
[WhiteElo "2346"]
[BlackElo "2183"]

1.Nf3 d5 2.g3 g6 3.Bg2 Bg7 4.d4 Nf6 5.O-O O-O 6.c4 c6 7.cxd5 cxd5 8.Nc3 Nc6
9.Ne5 Nxe5 10.dxe5 Ng4 11.Qxd5 Nxe5 12.Qc5 Nc6 13.Be3 Bd4 14.Bxd4 Qxd4 15.Qxd4 Nxd4
16.Rfd1 Nc6 17.Bxc6 bxc6 18.Na4 Bf5 19.Rac1 Rfd8 20.Nc5 Rd6 21.Kf1 g5 22.f3 Rad8
23.Ke1 Rb8 24.g4 Rxd1+ 25.Kxd1 Bg6 26.b3 f5 27.gxf5 Bxf5 28.Na4 Rd8+ 29.Ke1 Rd6
30.Rc5 Rf6 31.Ra5 Kf7 32.Kf2 g4 33.Kg3 gxf3 34.exf3 Be6 35.Nc3 Rg6+ 36.Kf4 Rh6
37.Kg3 Rg6+ 38.Kf4 Rh6  1/2-1/2

[Event "5th LGA Premium Cup"]
[Site "Nuernberg GER"]
[Date "2008.09.07"]
[Round "7"]
[White "Gutman,L"]
[Black "Baramidze,D"]
[Result "0-1"]
[WhiteElo "2497"]
[BlackElo "2593"]

1.Nf3 d5 2.g3 Nf6 3.Bg2 c6 4.O-O Bg4 5.Ne5 Bf5 6.c4 Nbd7 7.d4 e6 8.Nxd7 Qxd7
9.Nd2 Be7 10.Qb3 O-O 11.Nf3 dxc4 12.Qxc4 Rfd8 13.Rd1 Qd5 14.Ne5 Qxe5 15.dxe5 Rxd1+
16.Bf1 Bh3 17.Bd2 Rxa1 18.Bc1 Bxf1 19.Kxf1 Nd5 20.Kg2 Nb6 21.Qc2 Rxa2 22.Be3 Ra5
23.f4 Rd8 24.Bf2 Rad5 25.Kf3 R8d7 26.Be3 Rb5 27.Bf2 Rbd5 28.Be3 Bf8 29.Kg2 Nc8
30.Kf3 a6 31.g4 Ne7 32.Bf2 c5 33.Be3 Nc6 34.Kf2 b5 35.b3 a5 36.h3 Ra7  0-1

[Event "X Open"]
[Site "San Marti ESP"]
[Date "2008.09.07"]
[Round "6"]
[White "Beltran Lopez,F"]
[Black "Rodriguez Rebull,G"]
[Result "0-1"]
[WhiteElo "1948"]
[BlackElo "2068"]

1.Nf3 d5 2.g3 e6 3.Bg2 f5 4.d4 Nf6 5.c4 Bd6 6.O-O O-O 7.b3 c6 8.Ba3 Ne4 9.Bxd6 Qxd6
10.Qc2 Nd7 11.Nc3 b6 12.Rad1 Bb7 13.Nd2 Rac8 14.Ndxe4 fxe4 15.f3 exf3 16.Rxf3 Rxf3
17.Bxf3 e5 18.cxd5 cxd5 19.Qd2 e4 20.Bg4 Bc6 21.e3 Rf8 22.Rf1 Nf6 23.Bh3 Bd7
24.Bxd7 Qxd7 25.Kg2 h5 26.h3 Rc8 27.Ne2 a5 28.Rc1 Rf8 29.Nf4 Kh7 30.Rf1 Kh6
31.Kh2 g5 32.Ne2 Qd6 33.Qe1 Rc8 34.Qf2 Rf8 35.Kg2 b5 36.Qe1 b4 37.Qc1 Qa6
38.Rf2 Rc8 39.Qf1 Rc6 40.Ng1 Qxf1+ 41.Kxf1 Kg6 42.Re2 Rc3 43.Kf2 Ne8 44.h4 Nf6
45.Nh3 gxh4 46.gxh4 Ng4+ 47.Ke1 Nxe3 48.Nf4+ Kh6 49.Kd2 Nf1+ 50.Kd1 Ng3 51.Rg2 Nf5
52.Ne2 Ne3+ 53.Kd2  0-1

[Event "XXV Aniversario"]
[Site "Parla ESP"]
[Date "2008.09.08"]
[Round "3"]
[White "Ruiz Saiz,A"]
[Black "Vera Gonzalez Quevedo,R"]
[Result "0-1"]
[WhiteElo "2274"]
[BlackElo "2493"]

1.Nf3 d5 2.g3 Nc6 3.Bg2 e5 4.d3 Nf6 5.O-O Be7 6.e4 O-O 7.Nbd2 Re8 8.Re1 Bf8
9.c3 a5 10.a4 Rb8 11.exd5 Nxd5 12.Nc4 f6 13.d4 e4 14.Nfd2 f5 15.Nf1 Be6 16.Na3 Bxa3
17.Rxa3 Bf7 18.f3 exf3 19.Rxe8+ Qxe8 20.Qxf3 Qd7 21.Ra1 Re8 22.Bd2 Nf6 23.Re1 Rxe1
24.Bxe1 Bd5 25.Qe2 Ne7 26.Ne3 Bxg2 27.Qxg2 Ned5 28.Nxd5 Nxd5 29.Qe2 Kf7 30.b3 Nf6
31.Qc4+ Kg6 32.Bd2 Qe7 33.Qd3 Ne4 34.Kg2 h5 35.h3 Nxd2 36.Qxd2 Qe4+ 37.Kf2 h4
38.gxh4 Qxh4+ 39.Kg2 Qe4+ 40.Kh2 f4 41.Qf2 Kf5 42.c4 g5 43.Qd2 b6 44.d5 Qe3
45.Qg2 Qxb3 46.Qg4+ Ke4 47.Qe6+ Kd4 48.Qf6+ Kxc4 49.Qc6+ Kd3 50.Qxc7 Qxd5
51.Qxb6 Qa2+ 52.Kg1 Qxa4 53.Qg6+ Ke3 54.Qxg5 Qd1+ 55.Kh2 Qd2+ 56.Kh1 Qe1+
57.Kh2 Qg3+  0-1

[Event "I Liga Seniorow"]
[Site "Ustron POL"]
[Date "2008.09.08"]
[Round "3"]
[White "Mickiewicz,P"]
[Black "Pazdziora,Mi"]
[Result "0-1"]
[WhiteElo "2347"]
[BlackElo "2236"]

1.Nf3 d5 2.g3 Nf6 3.Bg2 Bf5 4.O-O e6 5.c4 c6 6.b3 Be7 7.Bb2 h6 8.d3 O-O 9.Nbd2 a5
10.a3 Nbd7 11.Qc2 Bh7 12.Rac1 Qb8 13.Qb1 Rc8 14.Qa1 b5 15.Ne5 Bf8 16.Rc2 Qb7
17.Rfc1 bxc4 18.bxc4 a4 19.Nxd7 Nxd7 20.c5 Rcb8 21.Bd4 e5 22.Bxe5 Nxe5 23.Qxe5 Re8
24.Qh5 Ra5 25.e4 Qa7 26.exd5 Bxd3 27.Rc3 Rxc5 28.Rxc5 Bxc5 29.dxc6 Bxa3 30.Rc3 Bg6
31.Qd5 Re2 32.Qf3 Bh5 33.c7 Bxf3 34.c8=Q+ Bf8 35.Rxf3 Rxd2 36.Bf1 a3 37.Qc3 a2
38.Qa1 Bc5 39.Kg2 Bxf2 40.Kh3 Qd7+ 41.g4 h5 42.Rf4 Rd4  0-1

[Event "Open"]
[Site "Herzliya ISR"]
[Date "2008.09.09"]
[Round "6"]
[White "Yaacov,A"]
[Black "Porat,I"]
[Result "0-1"]
[WhiteElo "2159"]
[BlackElo "2379"]

1.Nf3 d5 2.g3 Bg4 3.Bg2 c6 4.d3 Nd7 5.O-O Ngf6 6.c4 e5 7.Qc2 Rc8 8.Nbd2 Bc5
9.Nb3 Bb6 10.Be3 O-O 11.Rac1 a6 12.Qd2 h6 13.c5 Bc7 14.Qb4 Rb8 15.h3 Bh5
16.g4 Bg6 17.g5 hxg5 18.Bxg5 Qe8 19.Kh1 b5 20.Nh4 Bh5 21.e4 Nh7 22.Bd2 Qe6
23.Rg1 Kh8 24.Rce1 d4  0-1

[Event "4th ch-EU"]
[Site "Liverpool ENG"]
[Date "2008.09.09"]
[Round "1"]
[White "Rausis,I"]
[Black "Brown,Mart"]
[Result "1-0"]
[WhiteElo "2486"]
[BlackElo "2072"]

1.Nf3 d5 2.g3 c5 3.Bg2 Nc6 4.d4 e6 5.O-O Nf6 6.c4 dxc4 7.Ne5 Nxe5 8.dxe5 Qxd1
9.Rxd1 Nd7 10.f4 f6 11.exf6 gxf6 12.a4 a5 13.Na3 Nb6 14.Nb5 Kf7 15.Nc7 Ra7
16.Nb5 Ra8 17.Be3 c3 18.bxc3 Nc4 19.Bf2 Be7 20.e4 Rb8 21.Bf1 Nb6 22.Nd6+ Bxd6
23.Rxd6 Nd7 24.Bc4 Re8 25.Rad1 Re7 26.Bb5 Nf8 27.Bxc5 Rc7 28.Bb6 Rxc3 29.Bxa5 Rc2
30.Rd8 b6 31.Bb4 Ng6 32.h4 e5 33.f5 Ne7 34.Be8+ Kg7 35.Bxe7 h5 36.Bg6 b5
37.Bf8+  1-0

[Event "7th Georgiev - Kesarovski Mem"]
[Site "Sunny Beach BUL"]
[Date "2008.09.09"]
[Round "2"]
[White "Vlashki,N"]
[Black "Valev,V"]
[Result "1-0"]
[WhiteElo "2226"]
[BlackElo "1721"]

1.Nf3 d5 2.g3 Nf6 3.Bg2 c5 4.O-O e6 5.c4 Be7 6.d4 Nc6 7.cxd5 Nxd5 8.Nc3 Nxc3
9.bxc3 O-O 10.e4 Qa5 11.d5 Rd8 12.c4 Qc3 13.Bd2 Qxc4 14.dxc6 bxc6 15.Ne5 Qa6
16.Qc2 Bb7 17.Rfd1 Rab8 18.Bf1  1-0

[Event "IV Geller Memorial"]
[Site "Odessa UKR"]
[Date "2008.09.10"]
[Round "2"]
[White "Kostiukova,L"]
[Black "Mamedov,A"]
[Result "1/2-1/2"]
[WhiteElo "2224"]
[BlackElo "2094"]

1.Nf3 d5 2.g3 Nf6 3.Bg2 c6 4.O-O Nbd7 5.d4 e6 6.b3 Be7 7.Bb2 O-O 8.Nbd2 b6
9.Ne5 Bb7 10.e3 Rc8 11.f4 c5 12.Rc1 Bd6 13.g4 Qe7 14.g5 Ne4 15.Nxe4 dxe4
16.Nxd7 Qxd7 17.dxc5 Rxc5 18.c4 Qe7 19.Qc2 Ra5 20.Bc3 Bb4 21.Bxb4 Qxb4 22.Rf2 Rd8
23.Bxe4 Bxe4 24.Qxe4 g6 25.Qc2 Qd6 26.Qc3 Rf5 27.b4 a5 28.bxa5 Rxa5 29.Qb2 Ra3
30.Re2 Rd3 31.Rb1 Qc6 32.Kf2 Rd1 33.Rxd1 Rxd1 34.Rd2 Qh1 35.Kg3 Qe1+ 36.Rf2 Qxe3+
37.Kg2 Rd3 38.Qe2 Qd4 39.Qe5 Qxe5 40.fxe5 Rc3 41.Rb2 Rxc4 42.Kf3 Rc6 43.Ke4 Kg7
44.Kd4 h6 45.h4 hxg5 46.hxg5 Kf8 47.a4 Ke7 48.Rb3 Kd8 49.Rc3  1/2-1/2

[Event "3rd PGMA Cup"]
[Site "Manila PHI"]
[Date "2008.09.11"]
[Round "7"]
[White "Zhang Zhong"]
[Black "Wen Yang"]
[Result "1-0"]
[WhiteElo "2632"]
[BlackElo "2487"]

1.Nf3 d5 2.g3 Bg4 3.Bg2 Nd7 4.O-O e6 5.d3 Bd6 6.Nbd2 Ne7 7.c4 c6 8.d4 O-O
9.b3 a5 10.Bb2 h6 11.e4 Bh5 12.Re1 Bg6 13.a3 Bc7 14.Qe2 Re8 15.Nh4 Bh7 16.f4 Qb8
17.Rac1 Nf6 18.e5 Nd7 19.g4 a4 20.b4 dxc4 21.Nxc4 Nd5 22.Qf2 Qd8 23.f5 Qg5
24.Kh1 Nf4 25.Rc3 Nxg2 26.Nxg2 Qxg4 27.f6 Qf5 28.Qh4 Bg6 29.fxg7 Kxg7 30.Bc1 Rh8
31.Qe7 Rad8 32.Nh4 Qf2 33.Rg1 Qxg1+ 34.Kxg1 Rhe8 35.Nf5+ Bxf5 36.Rg3+ Bg6
37.Qh4 Rh8 38.Rh3 Kg8 39.Nd6 Rf8 40.Bxh6  1-0

[Event "XXV Aniversario"]
[Site "Parla ESP"]
[Date "2008.09.11"]
[Round "6"]
[White "Ruiz Saiz,A"]
[Black "Starostits,I"]
[Result "0-1"]
[WhiteElo "2274"]
[BlackElo "2497"]

1.Nf3 d5 2.g3 Bg4 3.Bg2 c6 4.O-O Nf6 5.d3 Nbd7 6.Qe1 e5 7.e4 dxe4 8.dxe4 Be7
9.Nbd2 O-O 10.Nc4 Qc7 11.Ne3 Bh5 12.Nf5 Bc5 13.Nd2 a5 14.a4 Rfd8 15.Nb3 Bb4
16.c3 Bf8 17.Be3 b5 18.axb5 cxb5 19.h3 a4 20.Nc1 Nb6 21.g4 Bg6 22.Bg5 Nc4
23.Bxf6 gxf6 24.Ne3 Nxb2 25.Nd5 Qc6 26.f4 exf4 27.Qd2 a3 28.Qxf4 Rxd5 29.exd5 Qxc3
30.Ne2 Qc5+ 31.Kh1 Nd3 32.Qf3 b4 33.h4 Re8 34.Nf4 Re3 35.Nxd3 Bxd3 36.Qxf6 Bxf1
37.Rxf1 Qe7 38.Qf5 Re1 39.Qf2 Rxf1+ 40.Bxf1 b3 41.d6 Qxd6  0-1

[Event "XXV Aniversario"]
[Site "Parla ESP"]
[Date "2008.09.11"]
[Round "6"]
[White "Perez Cameselle,F"]
[Black "Ferreira,H"]
[Result "1/2-1/2"]
[WhiteElo "2017"]
[BlackElo "2151"]

1.Nf3 d5 2.g3 c5 3.c4 d4 4.e3 Nc6 5.exd4 cxd4 6.d3 e5 7.Bg2 Bd6 8.O-O Nge7
9.Na3 Bxa3 10.bxa3 O-O 11.Re1 Qc7 12.Rb1 Rb8 13.Nxe5 Nxe5 14.Rxe5 Qxe5 15.Bf4 Qc5
16.Bxb8 Nc6 17.Bf4 Qxa3 18.Qb3 Qa5 19.Qb2 Re8 20.Bd2 Qd8 21.Re1 Rxe1+ 22.Bxe1 Qe7
23.Kf1 Bf5 24.Qe2 Qxe2+ 25.Kxe2 Ne5 26.Be4 Bxe4 27.dxe4 Nxc4 28.f4 Ne3 29.Kd3 b6
30.Bf2 Ng4 31.Bg1 Kf8 32.h3 Nf6 33.Kxd4 Ke7 34.a4 Kd7 35.e5 Ne8 36.f5 a6
37.g4 Kc6 38.Ke4 g6 39.e6 fxe6 40.fxe6 Kd6 41.Bxb6  1/2-1/2

[Event "I Liga Seniorow"]
[Site "Ustron POL"]
[Date "2008.09.11"]
[Round "6"]
[White "Wieczorek,Z"]
[Black "Mielczarski,M"]
[Result "1/2-1/2"]
[WhiteElo "2317"]
[BlackElo "2242"]

1.Nf3 d5 2.g3 Nf6 3.Bg2 c6 4.d3 Bf5 5.O-O h6 6.b3 e6 7.Bb2 Nbd7 8.Nbd2 Be7
9.e4 Bg6 10.e5 Nh7 11.h3 Bh5 12.g4 Bg6 13.Nd4 c5 14.Ne2 O-O 15.f4 f5 16.Ng3 a5
17.c4 Nb6 18.a4 Be8 19.gxf5 exf5 20.Rf2 Bh4 21.Ndf1 Qd7 22.Qf3 Bf7 23.Re2 Rfe8
24.Ne3 Bxg3 25.Qxg3 d4 26.Nf1 Nf8 27.Qf3 Rab8 28.Bc1 Nc8 29.Ng3 g6 30.Bd2 Qc7
31.Kh1 Ne6 32.Qf2 Ne7 33.Rg1 Kh7 34.h4 h5 35.Bf3 Ng7 36.Qe1 Nc6 37.Reg2 Rg8
38.Qe2 Qe7 39.Rh2 Be8 40.Bd5 Ne6 41.Nf1 b6 42.Rhg2 Ncd8 43.Qf2 Rg7 44.Nh2 Bc6
45.Nf3 Qb7 46.Bxc6 Qxc6 47.Rg3 Nf7 48.Qg2 Kh8 49.Ng5 Qxg2+ 50.Kxg2 Nfxg5
51.hxg5 Kg8 52.Kf3 Kf7 53.Rh3  1/2-1/2

[Event "I Liga Seniorow"]
[Site "Ustron POL"]
[Date "2008.09.11"]
[Round "6"]
[White "Urban,K"]
[Black "Zawadzki,S"]
[Result "1/2-1/2"]
[WhiteElo "2469"]
[BlackElo "2410"]

1.Nf3 d5 2.g3 c6 3.Bg2 Nf6 4.O-O Bf5 5.c4 e6 6.d3 h6 7.Qb3 Qb6 8.Qc2 Nbd7
9.cxd5 cxd5 10.Be3 Qa5 11.Qb3 Bc5 12.Bxc5 Nxc5 13.Qc3 Qxc3 14.Nxc3 Ke7 15.Rac1 Rhc8
16.Rfd1 Bh7 17.Rc2 Na4 18.Rdc1 Nxc3 19.Rxc3 Rxc3 20.Rxc3 Ne8  1/2-1/2

[Event "Autumn-1"]
[Site "Alushta UKR"]
[Date "2008.09.12"]
[Round "11"]
[White "Harutjunyan,G"]
[Black "Kharchenko,B"]
[Result "0-1"]
[WhiteElo "2441"]
[BlackElo "2443"]

1.Nf3 d5 2.g3 c5 3.b3 Nc6 4.Bb2 f6 5.Bg2 e5 6.d3 Bd6 7.Nc3 Nge7 8.e4 d4 9.Ne2 Be6
10.Nd2 Qd7 11.Nc4 Bc7 12.a4 a6 13.f4 O-O-O 14.O-O b5 15.Nd2 Kb7 16.Ba3 Bd6
17.Nf3 h6 18.Bc1 g5 19.c3 gxf4 20.axb5 axb5 21.gxf4 dxc3 22.Nxc3 Nd4 23.Nxd4 cxd4
24.Ne2 h5 25.Ng3 Rdg8 26.Kh1 Bc7 27.f5 Bf7 28.Ba3 Nc6 29.Bc5 h4 30.Ne2 Bd6
31.Qc1 Qe7 32.b4 Bxc5 33.bxc5 Ra8 34.Rb1 b4 35.Rb2 Ra5 36.Qd2 Qxc5 37.Rc1 Qb6
38.Bf3 Rc5 39.Rcb1 Kc7 40.Rg1 Kd6 41.Rg7 Ke7 42.Rb1 Kf8 43.Rxf7+ Kxf7 44.Qa2+ Kf8
45.Qe6 Qd8 46.Rg1 Qe7 47.Qc8+ Nd8 48.Qb8 Rc7 49.Rb1 Rb7 50.Qa8 Rg8 51.Nc1 Kg7
52.Qa2 Kh8 53.Qf2 Qh7 54.Nb3 Qh6 55.Rc1 Qf4 56.Rf1 Rc7 57.Qe1 Rc3 58.Nc1 Qg5
59.Qd1 Nf7 60.Ne2 Ra3 61.Ng1 Rga8 62.Nh3 Qe3 63.Bg2 Qh6 64.Qb1 b3 65.Qb2 Ng5
66.Rg1 Nxh3 67.Bxh3 Qe3 68.Qg2 Qxg1+ 69.Qxg1 b2 70.Kg2 Rg8+ 71.Bg4 Ra1 72.Qf2 Rxg4+
73.Kh3 b1=Q 74.Qg1 Rxg1  0-1

[Event "VII Open"]
[Site "Bergamo ITA"]
[Date "2008.09.12"]
[Round "2"]
[White "Gaggino,D"]
[Black "Kogan,Ar"]
[Result "0-1"]
[WhiteElo "1989"]
[BlackElo "2569"]

1.Nf3 d5 2.g3 Bg4 3.Bg2 c6 4.O-O Nd7 5.d3 Ngf6 6.Nbd2 e6 7.Qe1 Qc7 8.e4 O-O-O
9.e5 Ng8 10.h3 Bf5 11.Qe2 Be7 12.Nb3 Kb8 13.Re1 c5 14.c3 h5 15.Bg5 f6 16.Bf4 g5
17.Bd2 g4 18.Nh4 fxe5 19.Nxf5 exf5 20.Bxd5 Ngf6 21.Bh1 h4 22.d4 e4 23.Bf4 Bd6
24.Bxd6 Qxd6 25.dxc5 Nxc5 26.Nxc5 Qxc5 27.gxh4 Rxh4 28.Qe3 Qxe3 29.Rxe3 f4
30.Rxe4 Nxe4 31.Bxe4 f3  0-1

[Event "4th ch-EU"]
[Site "Liverpool ENG"]
[Date "2008.09.12"]
[Round "4"]
[White "McNab,C"]
[Black "Wells,P"]
[Result "1/2-1/2"]
[WhiteElo "2450"]
[BlackElo "2526"]

1.Nf3 d5 2.g3 c6 3.Bg2 Bg4 4.d3 Nd7 5.Nbd2 e6 6.h3 Bh5 7.O-O Bd6 8.e4 Ne7
9.Qe1 O-O 10.Nh2 e5 11.f4 exf4 12.gxf4 Re8 13.Nb3 dxe4 14.dxe4 Nf5 15.Qd2 Ng3
16.Qxd6 Qb6+ 17.Rf2 Ne2+ 18.Kf1 Ng3+ 19.Kg1 Ne2+ 20.Kf1 Ng3+ 21.Kg1  1/2-1/2

[Event "7th Georgiev - Kesarovski Mem"]
[Site "Sunny Beach BUL"]
[Date "2008.09.12"]
[Round "6"]
[White "Ermenkov,Evgenij"]
[Black "Nikolov,Sas"]
[Result "1/2-1/2"]
[WhiteElo "2463"]
[BlackElo "2398"]

1.Nf3 d5 2.g3 Nf6 3.Bg2 Nbd7 4.d4 e6 5.O-O Be7 6.c4 O-O 7.Qc2 c6 8.Rd1 b6
9.b3 a5 10.Nbd2 Ba6 11.Bb2 Rc8 12.Rac1 Qc7 13.e4 Qa7 14.Qb1 Rfd8 15.e5 Ne8
16.Nf1 Nc7 17.Ne3 b5 18.c5 b4 19.Qc2 Bb5 20.h4 a4 21.Ng5 Nf8 22.f4 a3 23.Ba1 f6
24.Nf3 Nd7 25.Bh3 fxe5 26.fxe5 Rf8 27.Kg2 Rf7 28.Bg4 Rcf8 29.h5 Kh8 30.Rd2 Na6
31.Qd1 Nc7 32.Qc2 Na6 33.Qd1 Nc7  1/2-1/2

[Event "7th Georgiev - Kesarovski Mem"]
[Site "Sunny Beach BUL"]
[Date "2008.09.12"]
[Round "7"]
[White "Nikolov,Sas"]
[Black "Kozhuharov,S"]
[Result "1/2-1/2"]
[WhiteElo "2398"]
[BlackElo "2412"]

1.Nf3 d5 2.g3 Nf6 3.Bg2 c6 4.c4 g6 5.b3 Bg7 6.Bb2 O-O 7.O-O Nbd7 8.Qc2 b6
9.d3 Bb7 10.Nbd2 Re8 11.Rac1 Rc8 12.Ne5 c5 13.a3 Qc7 14.Nxd7 Qxd7 15.cxd5 Bxd5
16.Bxd5 Qxd5 17.Qc4 Qh5 18.Nf3 e5 19.Kg2 e4 20.dxe4 Nxe4 21.Bxg7 Kxg7 22.Rfd1 Qf5
23.Rd5 Qf6 24.Rd7 a5 25.Rcd1 b5 26.Qc2 Qc3 27.Qd3 Qxd3 28.exd3 Nf6 29.Ra7 Ra8
30.Rxa8 Rxa8 31.Rc1 Nd7 32.Nd2 a4 33.bxa4 Rxa4 34.Ne4 Rxa3 35.Nxc5 Nxc5 36.Rxc5  1/2-1/2

[Event "I Tancats B"]
[Site "Canovelles ESP"]
[Date "2008.09.13"]
[Round "1"]
[White "Gonzalez,Ra"]
[Black "Garcia Jimenez,F"]
[Result "1-0"]
[WhiteElo "2310"]
[BlackElo "2297"]

1.Nf3 d5 2.g3 Nf6 3.Bg2 Nbd7 4.d4 e6 5.O-O b6 6.Bf4 Bb7 7.Nbd2 Be7 8.Ne5 c5
9.e3 Nxe5 10.Bxe5 O-O 11.g4 Rc8 12.h3 Bd6 13.f4 Qe7 14.c3 Nd7 15.Bxd6 Qxd6
16.Qe1 Ba6 17.Rf3 f6 18.Qg3 b5 19.a3 Nb6 20.Nb3 Na4 21.dxc5 Nxc5 22.Nxc5 Qxc5
23.Rd1 Bb7 24.Rf2 a5 25.Rfd2 f5 26.Rd4 Qb6 27.Bf1 Rc5 28.Bd3 fxg4 29.hxg4 Qc7
30.g5 g6 31.Rd2 Re8 32.Rf2 e5 33.fxe5 Qxe5 34.Rdf4 d4 35.exd4 Qxg5 36.Rg4 Qd5
37.Rxg6+ Kh8 38.Rh2 Rc7 39.Qxc7  1-0

[Event "4th ch-EU"]
[Site "Liverpool ENG"]
[Date "2008.09.13"]
[Round "5"]
[White "Davies,Ni"]
[Black "Luther,T"]
[Result "1/2-1/2"]
[WhiteElo "2478"]
[BlackElo "2570"]

1.Nf3 d5 2.g3 Nf6 3.Bg2 e6 4.O-O Be7 5.c4 O-O 6.d4 dxc4 7.Qc2 a6 8.Qxc4 b5
9.Qc2 Bb7 10.Bg5 Be4 11.Qc1 Nbd7 12.Nbd2 Bd5 13.Bxf6 Bxf6 14.Qc2 Rc8 15.Ne4 Bxe4
16.Qxe4 c5 17.Rad1 Qa5 18.d5 exd5 19.Rxd5 Nb6 20.Rd6 Nc4 21.Rxf6 gxf6 22.Qg4+ Kh8
23.Qh4 Kg7 24.Qg4+ Kh8 25.Qh4 Kg7  1/2-1/2

[Event "4th ch-EU"]
[Site "Liverpool ENG"]
[Date "2008.09.13"]
[Round "5"]
[White "Priborsky,J"]
[Black "Williamson,R"]
[Result "1/2-1/2"]
[WhiteElo "2344"]
[BlackElo "2169"]

1.Nf3 d5 2.g3 c5 3.Bg2 Nc6 4.d4 e6 5.O-O Nf6 6.c4 Be7 7.dxc5 Bxc5 8.cxd5 exd5
9.Bg5 Be7 10.Nc3 O-O 11.Nd4 h6 12.Bxf6 Bxf6 13.e3 Bxd4 14.exd4 Be6 15.Qd2 Rc8
16.h3 Qd7 17.Kh2 Ne7 18.Rfe1 Rfe8 19.f4 f6 20.Re2 b5 21.Rae1 Bf7 22.Nxb5 Qxb5
23.Rxe7 Rxe7 24.Rxe7 a5 25.Ra7 a4 26.Ra5 Qc4 27.Qc3 g6 28.Qxc4 Rxc4 29.Rxd5 Rc2
30.Rd8+ Kg7 31.b4 Rxa2 32.Kg1 Rb2 33.Rd7 Kf8 34.Ra7 Rxb4 35.Bc6 Rxd4 36.Rxa4 Rxa4  1/2-1/2

[Event "XXV Aniversario"]
[Site "Parla ESP"]
[Date "2008.09.13"]
[Round "8"]
[White "Ruiz Saiz,A"]
[Black "Almagro Llamas,P"]
[Result "0-1"]
[WhiteElo "2274"]
[BlackElo "2492"]

1.Nf3 d5 2.g3 Nc6 3.Bg2 e5 4.d3 Bd6 5.e4 Nf6 6.Nbd2 Bg4 7.c3 Qd7 8.h3 Bh5
9.a4 O-O 10.O-O Rfe8 11.Re1 a6 12.a5 Bf8 13.Qb3 Rab8 14.exd5 Nxd5 15.Nc4 Bxf3
16.Bxf3 Nf6 17.Bg2 Qxd3 18.Rd1 Qg6 19.Qa4 Na7 20.g4 Nb5 21.Be3 h6 22.Nd2 c6
23.c4 Nd4 24.Bxd4 exd4 25.Nf3 d3 26.Qb3 Ne4 27.Qxd3 Bc5 28.Rf1 Qf6 29.Qb3 Nxf2
30.Rxf2 Re2 31.Rf1 Rbe8 32.Qxb7 Rxf2 33.Rxf2 Re2 34.Qb8+ Kh7 35.b4 Bxf2+
36.Kf1 Ra2 37.Qe5 Qd8 38.Qe4+ Kh8 39.Qb1 Bg3 40.Kg1 Re2 41.Bf1 Rf2 42.Bg2 Qf6
43.Qd1 Ra2 44.Bf1 Qf4 45.Qd3 g6 46.Qb3 Rf2  0-1

[Event "XXV Aniversario"]
[Site "Parla ESP"]
[Date "2008.09.13"]
[Round "8"]
[White "Perez Cameselle,F"]
[Black "Coleto Calderon,J"]
[Result "1/2-1/2"]
[WhiteElo "2017"]
[BlackElo "2122"]

1.Nf3 d5 2.g3 Nf6 3.Bg2 g6 4.O-O Bg7 5.d3 O-O 6.Nbd2 c5 7.e4 Nc6 8.Qe2 dxe4
9.dxe4 e5 10.c3 b6 11.Rd1 a5 12.Nc4 Qc7 13.a4 Ba6 14.Bf1 h6 15.Qc2 Rfd8 16.Rxd8+ Rxd8
17.Nfd2 Ne8 18.Qb3 Rb8 19.Nxe5 Bxf1 20.Nxc6 Qxc6 21.Kxf1 Nd6 22.Qd5 Qd7 23.Nc4 Qh3+
24.Kg1 Nxc4 25.Qxc4 Qg4 26.Qd3 Re8 27.f3 Qe6 28.Bf4 g5 29.Bc7 Bf8 30.Qd5 Qf6
31.Kg2 Qg6 32.g4 h5 33.h3 h4 34.Rd1 Re6 35.Rd2 Rc6 36.Be5 Re6 37.Bc7 Rc6
38.Bh2 Re6 39.Qf5 Qf6 40.Qxf6 Rxf6 41.Rd5 Rg6 42.Bc7 Be7 43.Kf2 Kf8 44.Ke2 Rc6
45.Bh2 c4 46.Bg1 f6 47.Rb5 Bd8 48.Be3 Bc7 49.Rf5 Ke8 50.Bd4 Ke7 51.Kf2 Bg3+
52.Ke2 Bf4 53.Rb5 Bc7 54.Be3 Ke6 55.Rf5 Bg3 56.Rb5 Bc7 57.Rf5 Bg3 58.f4 gxf4
59.Bxf4 Bxf4 60.Rxf4 Ke5 61.Ke3 Rd6 62.Rf5+ Ke6 63.Rd5 Rc6 64.Kf4 Rc8 65.g5 fxg5+
66.Kxg5 Rg8+ 67.Kxh4 Rg6 68.Rb5 Kf7 69.Kh5 Re6 70.e5 Rg6 71.Rd5 Rg2 72.Rb5 Rg6
73.h4 Kg7 74.Rd5 Rg2 75.Rd7+ Kf8 76.Rc7 Rxb2 77.Kg6 Rg2+ 78.Kf6 Ke8 79.Rxc4 Kd8
80.h5 Rf2+ 81.Kg5 Re2 82.Kf6 Rf2+ 83.Ke6 Rh2 84.Rf4 Rxh5 85.Kd6 Ke8 86.e6 Rh3
87.Rc4 Rd3+ 88.Kc6 Ke7 89.Kxb6 Kxe6 90.Kxa5 Rd1 91.Kb6 Rb1+ 92.Rb4 Rc1 93.c4 Kd7
94.a5 Kc8 95.Kc6 Rh1 96.Rb6 Rh6+ 97.Kb5 Rh5+ 98.c5 Rh1 99.a6 Ra1 100.Kc6 Ra2
101.Kb5 Ra1 102.Kc6 Ra2 103.Kd5 Kc7 104.Rh6 Rd2+ 105.Kc4 Rc2+ 106.Kb4 Ra2
107.a7 Rxa7 108.Rh7+ Kb8 109.Rh8+ Kc7 110.Kb5 Ra1 111.Rh7+ Kc8 112.Kb6 Rc1
113.Kc6 Kb8 114.Rh8+ Ka7 115.Kd6 Kb7 116.Rh7+ Kc8 117.Kc6 Kb8 118.Rh8+ Ka7
119.Rh5 Rg1 120.Rh7+ Kb8 121.Kb6 Rb1+ 122.Kc6 Rg1 123.Kd7 Rd1+ 124.Kc6 Rg1
125.Rh8+ Ka7  1/2-1/2

[Event "I Liga Seniorow"]
[Site "Ustron POL"]
[Date "2008.09.14"]
[Round "9"]
[White "Wieczorek,Z"]
[Black "Dudzinski,Pi"]
[Result "1/2-1/2"]
[WhiteElo "2317"]
[BlackElo "2303"]

1.Nf3 d5 2.g3 g6 3.Bg2 Bg7 4.c4 Nf6 5.O-O O-O 6.cxd5 Nxd5 7.d4 c6 8.Nc3 Nd7
9.e4 Nxc3 10.bxc3 b5 11.a4 Nb6 12.axb5 cxb5 13.Qb3 a6 14.Bf4 Nc4 15.Rfd1 Be6
16.Qb4 h6 17.Nd2 g5 18.Nxc4 Bxc4 19.Be3 a5 20.Qa3 Qd7 21.f4 gxf4 22.Bxf4 Rfc8
23.Qc1 Kh7 24.e5 Bd5 25.Bf1 Bc4 26.Bg2 Bd5 27.Bf1 Bc4  1/2-1/2

[Event "I Tancats B"]
[Site "Canovelles ESP"]
[Date "2008.09.15"]
[Round "3"]
[White "Gonzalez,RO"]
[Black "Avila Jimenez,J"]
[Result "1-0"]
[WhiteElo "2318"]
[BlackElo "2286"]

1.Nf3 d5 2.g3 Bg4 3.Bg2 e6 4.d3 Nd7 5.O-O Bd6 6.Nbd2 Ne7 7.b3 O-O 8.Bb2 c6
9.Qe1 f6 10.e4 Qc7 11.h3 Bh5 12.Nd4 Bf7 13.exd5 exd5 14.Ne6 Bxe6 15.Qxe6+ Kh8
16.Nf3 Ng6 17.Rae1 Nde5 18.Nxe5 Nxe5 19.h4 Rae8 20.Qf5 Qa5 21.Ra1 Qd8 22.d4 g6
23.Qh3 Nf7 24.Rac1 Re7 25.Rfd1 Qa5 26.a4 Kg8 27.Bf3 Rfe8 28.Qf1 f5 29.Qd3 Qc7
30.Kg2 Qd7 31.c4 dxc4 32.bxc4 f4 33.g4 Nh6 34.c5 Bb8 35.Qc4+ Kf8 36.d5 cxd5
37.Rxd5 Qc7 38.Qd4 Ng8 39.h5 gxh5 40.Rf5+ Rf7 41.Qg7+  1-0

[Event "EYb16"]
[Site "Herceg Novi MNE"]
[Date "2008.09.15"]
[Round "1"]
[White "Matveev,V3"]
[Black "Arat,U"]
[Result "1-0"]
[WhiteElo "2187"]
[BlackElo "1860"]

1.Nf3 d5 2.g3 c5 3.Bg2 Nc6 4.O-O e5 5.d3 f6 6.Nc3 Be6 7.a3 Bd6 8.e4 Nge7
9.Ng5 Bg8 10.exd5 Nd4 11.Nge4 Rb8 12.f4 exf4 13.Nxd6+ Qxd6 14.Bxf4 Qd8 15.Bxb8 Qxb8
16.Qg4 Kf8 17.Rae1 f5 18.Rxe7 Kxe7 19.Qxg7+ Bf7 20.Re1+  1-0

[Event "4th Pichay Cup"]
[Site "Manila PHI"]
[Date "2008.09.15"]
[Round "3"]
[White "Bancod,Ron"]
[Black "Gonzales,Jay"]
[Result "1/2-1/2"]
[WhiteElo "2375"]
[BlackElo "2524"]

1.Nf3 d5 2.g3 Nc6 3.Bg2 e5 4.d3 f6 5.O-O Be6 6.e4 Nge7 7.exd5 Nxd5 8.Re1 Qd7
9.Nc3 O-O-O 10.Nxd5 Bxd5 11.Be3 g5 12.c4 Be6 13.d4  1/2-1/2